[Event "IRL-ch 103rd"]
[Site "Dublin"]
[Date "2024.08.05"]
[Round "3"]
[White "Burke, Kevin"]
[Black "Fox, Anthony"]
[Result "1-0"]
[WhiteElo "1869"]
[BlackElo "1930"]
[PlyCount "80"]
[EventDate "2024.08.03"]
[EventType "swiss"]
[EventRounds "9"]
[EventCountry "IRL"]
[SourceTitle "CBM 221 Extra"]
[Source "ChessBase"]
[SourceDate "2024.09.30"]
[SourceVersion "1"]
[SourceVersionDate "2024.09.30"]
[SourceQuality "1"]

1. e4 e5 2. f4 Bc5 3. Nf3 d6 4. Bc4 Nf6 5. Nc3 Nc6 6. d3 Bg4 7. h3 Bxf3 8. Qxf3 exf4 9. Bxf4 Nd4 10. Qd1 c6 11. Na4 b5 12. Nxc5 dxc5 13. Bb3 c4 14. dxc4 Nxe4 15. 0-0 0-0 16. Qd3 Nc5 17. Qd2 Ndxb3 18. axb3 Qxd2 19. Bxd2 Ne6 20. Ra6 bxc4 21. bxc4 Rfd8 22. Be3 c5 23. Rfa1 h6 24. R1a5 Rab8 25. b3 Rbc8 26. Rxa7 Nd4 27. Bxd4 Rxd4 28. Ra8 Rxa8 29. Rxa8+ Kh7 30. Rc8 Rd2 31. Rxc5 Rxc2 32. b4 Rb2 33. b5 Kg6 34. Rc6+ Kf5 35. b6 Ke4 36. Rd6 h5 37. c5 h4 38. Rd1 Ke5 39. Rc1 g5 40. c6 Kd5 1-0

[Event "IRL-ch 103rd"]
[Site "Dublin"]
[Date "2024.08.03"]
[Round "1"]
[White "Burke, Kevin"]
[Black "Doyle, Anthony"]
[Result "1/2-1/2"]
[WhiteElo "1869"]
[BlackElo "2034"]
[PlyCount "40"]
[EventDate "2024.08.03"]
[EventType "swiss"]
[EventRounds "9"]
[EventCountry "IRL"]
[SourceTitle "CBM 221 Extra"]
[Source "ChessBase"]
[SourceDate "2024.09.30"]
[SourceVersion "1"]
[SourceVersionDate "2024.09.30"]
[SourceQuality "1"]

1. e4 c6 2. d4 d5 3. exd5 cxd5 4. c4 Nf6 5. Nc3 Nc6 6. Nf3 Bg4 7. cxd5 Nxd5 8. Qb3 Bxf3 9. gxf3 Nxc3 10. bxc3 Qb6 11. d5 Qxb3 12. axb3 Nb8 13. Be3 a6 14. Bh3 Nd7 15. c4 e6 16. 0-0 Bb4 17. dxe6 fxe6 18. Bxe6 Nc5 19. Bd5 0-0-0 20. Rab1 Rhe8 1/2-1/2

[Event "EU-Cup 36th"]
[Site "Struga"]
[Date "2021.09.23"]
[Round "6.4"]
[White "Burke, Kevin"]
[Black "Darnell, Anton"]
[Result "0-1"]
[WhiteElo "1883"]
[BlackElo "2006"]
[PlyCount "84"]
[EventDate "2021.09.18"]
[EventType "team-swiss"]
[EventRounds "7"]
[EventCountry "MKD"]
[SourceTitle "CBM 204 Extra"]
[Source "ChessBase"]
[SourceDate "2021.11.30"]
[SourceVersion "1"]
[SourceVersionDate "2021.11.30"]
[SourceQuality "1"]
[WhiteTeam "St Benildus"]
[BlackTeam "Baerum"]
[WhiteTeamCountry "IRL"]
[BlackTeamCountry "NOR"]

1. e4 e5 2. f4 exf4 3. Bc4 c6 4. d4 d5 5. exd5 cxd5 6. Bb3 Bd6 7. Nc3 Nf6 8. Nf3 Nc6 9. 0-0 0-0 10. Nxd5 Nxd5 11. Bxd5 Bg4 12. c3 Qc7 13. Qd3 Ne7 14. Bb3 Ng6 15. Ng5 Qe7 16. h4 Be2 17. Qf5 Bxf1 18. h5 Bd3 19. Qxd3 Qxg5 20. hxg6 Qxg6 21. Qf3 Qg3 22. Bd2 Qxf3 23. gxf3 Rfe8 24. Kf2 h6 25. Rg1 g5 26. Rh1 Kg7 27. c4 Rad8 28. Bc3 b6 29. Bc2 f6 30. Be4 Rc8 31. b3 a5 32. a4 Rf8 33. Ke2 f5 34. Bb7 Rc7 35. d5+ Kg6 36. Bc6 Re7+ 37. Kd2 Bc5 38. Rf1 Rd8 39. Rh1 Re3 40. Rf1 Rd6 41. Bb5 h5 42. Bc6 h4 0-1

[Event "Dublin-ch Final Weekender 100th"]
[Site "Dublin"]
[Date "2021.08.22"]
[Round "5"]
[White "Ni Mhuireagain, Eibhia"]
[Black "Burke, Kevin"]
[Result "1-0"]
[WhiteElo "1652"]
[BlackElo "1883"]
[PlyCount "113"]
[EventDate "2021.08.20"]
[EventType "swiss"]
[EventRounds "5"]
[EventCountry "IRL"]
[SourceTitle "CBM 204 Extra"]
[Source "ChessBase"]
[SourceDate "2021.11.30"]
[SourceVersion "1"]
[SourceVersionDate "2021.11.30"]
[SourceQuality "1"]

1. c4 f5 2. Nc3 Nf6 3. Nf3 d6 4. g3 e5 5. d3 Be7 6. Bg2 0-0 7. e3 Qe8 8. 0-0 Nc6 9. a3 a5 10. Rb1 Nd8 11. b4 axb4 12. axb4 Nf7 13. Qc2 g5 14. Ne1 g4 15. c5 Ng5 16. f4 gxf3 17. Nxf3 Ng4 18. Nxg5 Bxg5 19. Bd5+ Kh8 20. Nd1 Nf6 21. Bb3 d5 22. Qg2 c6 23. Bb2 Ng4 24. Re1 Rf6 25. h3 Nh6 26. Bxd5 cxd5 27. Qxd5 Nf7 28. d4 Qc6 29. Qxc6 bxc6 30. b5 cxb5 31. d5 Bd7 32. c6 Bxc6 33. dxc6 Rxc6 34. Rf1 Kg7 35. Rxf5 Kg6 36. g4 h5 37. Bxe5 Nxe5 38. Rxe5 Rd8 39. gxh5+ Kxh5 40. Rexb5 Rcd6 41. Nf2 Re8 42. e4 Rg6 43. Kf1 Kh4 44. e5 Rge6 45. R1b4+ Kh5 46. Ng4 Be7 47. Rc4 Rf8+ 48. Ke2 Rf5 49. Rc8 Bf6 50. Nxf6+ Rfxf6 51. Rh8+ Kg6 52. Kd3 Rf7 53. Ke4 Rfe7 54. Rhb8 Kg5 55. R8b6 Kh4 56. Rxe6 Rxe6 57. Rb3 1-0

[Event "Dublin-ch Final Weekender 100th"]
[Site "Dublin"]
[Date "2021.08.21"]
[Round "2"]
[White "Burke, Kevin"]
[Black "O'Cuilleanain, Oisin"]
[Result "1-0"]
[WhiteElo "1883"]
[BlackElo "1662"]
[PlyCount "107"]
[EventDate "2021.08.20"]
[EventType "swiss"]
[EventRounds "5"]
[EventCountry "IRL"]
[SourceTitle "CBM 204 Extra"]
[Source "ChessBase"]
[SourceDate "2021.11.30"]
[SourceVersion "1"]
[SourceVersionDate "2021.11.30"]
[SourceQuality "1"]

1. e4 c5 2. c3 d5 3. exd5 Qxd5 4. d4 Nf6 5. Nf3 Bg4 6. dxc5 Qxd1+ 7. Kxd1 e5 8. b4 e4 9. h3 Bh5 10. g4 Nxg4 11. hxg4 Bxg4 12. Be2 Bxf3 13. Bxf3 exf3 14. Nd2 Be7 15. Nxf3 Bf6 16. Kc2 0-0 17. Ng5 Bxg5 18. Bxg5 f6 19. Be3 Nd7 20. a4 a5 21. Rad1 Ne5 22. b5 Rfe8 23. Rd4 Rac8 24. Rdh4 Nf7 25. Rxh7 Nh6 26. R7xh6 gxh6 27. Rxh6 Kg7 28. Rh4 Rh8 29. Rg4+ Kf7 30. Bd4 Rcg8 31. Rf4 Rg6 32. Kb3 Rh1 33. Be5 Ke6 34. Bc7 Rg5 35. Bxa5 Rxc5 36. Bb6 Re5 37. Rc4 Rd1 38. Bd4 Rd5 39. Rc7 Rd7 40. Rxd7 Kxd7 41. Bxf6 Ke6 42. Bd4 Kd5 43. Kb4 Rb1+ 44. Ka5 Kc4 45. Kb6 Ra1 46. Kxb7 Rxa4 47. Kc6 Ra8 48. b6 Rc8+ 49. Kd7 Rf8 50. b7 Kd5 51. Bb6 Kc4 52. Ba5 Rf7+ 53. Kc8 Rf8+ 54. Bd8 1-0

[Event "IRL-ch 100th"]
[Site "Dublin"]
[Date "2021.08.01"]
[Round "2"]
[White "Burke, Kevin"]
[Black "Moran, Darragh"]
[Result "0-1"]
[WhiteElo "1883"]
[BlackElo "1859"]
[PlyCount "52"]
[EventDate "2021.07.31"]
[EventType "swiss"]
[EventRounds "9"]
[EventCountry "IRL"]
[SourceTitle "CBM 203 Extra"]
[Source "ChessBase"]
[SourceDate "2021.09.30"]
[SourceVersion "1"]
[SourceVersionDate "2021.09.30"]
[SourceQuality "1"]

1. e4 e5 2. f4 d5 3. exd5 c6 4. d4 exd4 5. Qxd4 Nf6 6. Nc3 cxd5 7. Nf3 Nc6 8. Bb5 Bd6 9. Ne5 Bd7 10. Bxc6 bxc6 11. Nxd7 Qxd7 12. 0-0 0-0 13. f5 Qe7 14. Qh4 Be5 15. Na4 Rab8 16. a3 Rfe8 17. c3 Qb7 18. Bf4 Bxf4 19. Rxf4 Ne4 20. b4 Qb5 21. Nb2 Qe2 22. Nd1 Nxc3 23. Rg4 Qe1+ 24. Qxe1 Rxe1+ 25. Kf2 Rxd1 26. Rxd1 Nxd1+ 0-1

[Event "Dublin Gonzaga Masters"]
[Site "Dublin"]
[Date "2020.01.26"]
[Round "5"]
[White "Haque, Muhtarim Ul"]
[Black "Burke, Kevin"]
[Result "1/2-1/2"]
[WhiteElo "2045"]
[BlackElo "1851"]
[PlyCount "39"]
[EventDate "2020.01.24"]
[EventType "swiss"]
[EventRounds "5"]
[EventCountry "IRL"]
[SourceTitle "CBM 194"]
[Source "ChessBase"]
[SourceDate "2020.02.29"]
[SourceVersion "1"]
[SourceVersionDate "2020.02.29"]
[SourceQuality "1"]

1. d4 e6 2. c4 f5 3. Nc3 Nf6 4. e3 Bb4 5. Nge2 b6 6. a3 Bxc3+ 7. Nxc3 Bb7 8. d5 0-0 9. Be2 a5 10. b3 Na6 11. Bb2 e5 12. 0-0 Qe8 13. Qc2 d6 14. f4 exf4 15. exf4 Qe3+ 16. Kh1 Ne4 17. Nxe4 fxe4 18. Bc1 Qd4 19. Bb2 Qe3 20. Bc1 1/2-1/2

[Event "Dublin St Andrews op-B"]
[Site "Dublin"]
[Date "2019.09.22"]
[Round "6"]
[White "Burke, Kevin"]
[Black "Haque, Mustakim Ul"]
[Result "1/2-1/2"]
[WhiteElo "1752"]
[BlackElo "1877"]
[PlyCount "87"]
[EventDate "2019.09.20"]
[EventType "swiss"]
[EventRounds "6"]
[EventCountry "IRL"]
[SourceTitle "EXT 2020"]
[Source "ChessBase"]
[SourceDate "2019.10.17"]
[SourceVersion "1"]
[SourceVersionDate "2019.10.17"]
[SourceQuality "1"]

1. e4 c6 2. d4 d5 3. exd5 cxd5 4. c4 Nf6 5. Nc3 g6 6. Nf3 Bg7 7. cxd5 Nxd5 8. Bc4 Nb6 9. Bb3 0-0 10. 0-0 Bg4 11. h3 Bxf3 12. Qxf3 Nc6 13. Be3 a5 14. Rad1 a4 15. Bc2 a3 16. bxa3 Rxa3 17. Bb3 Ra5 18. d5 Ne5 19. Qe4 Ned7 20. Qb4 Nc8 21. Ne4 b6 22. Rc1 Na7 23. a4 Re8 24. Rc2 Qb8 25. Rfc1 Bf8 26. Rc7 Nc5 27. R7xc5 Rxc5 28. Nxc5 bxc5 29. Qxb8 Rxb8 30. Rc3 Bg7 31. Rd3 Bd4 32. Kf1 Bxe3 33. fxe3 Nc8 34. e4 Nd6 35. e5 Ne4 36. Bc4 Rb4 37. Bb5 Kf8 38. d6 exd6 39. exd6 Rd4 40. Rxd4 cxd4 41. Ke2 Nxd6 42. Kd3 Ke7 43. Kxd4 Nb7 44. Bc6 1/2-1/2

[Event "Dublin St Andrews op-B"]
[Site "Dublin"]
[Date "2019.09.22"]
[Round "5"]
[White "Novak, Vjekoslav"]
[Black "Burke, Kevin"]
[Result "0-1"]
[WhiteElo "1687"]
[BlackElo "1752"]
[PlyCount "60"]
[EventDate "2019.09.20"]
[EventType "swiss"]
[EventRounds "6"]
[EventCountry "IRL"]
[SourceTitle "EXT 2020"]
[Source "ChessBase"]
[SourceDate "2019.10.17"]
[SourceVersion "1"]
[SourceVersionDate "2019.10.17"]
[SourceQuality "1"]

1. f4 d5 2. Nf3 Bg4 3. e3 Nf6 4. b3 Nbd7 5. Bb2 e6 6. Be2 c6 7. 0-0 Bd6 8. Qe1 Qc7 9. Nc3 Bxf3 10. Bxf3 h6 11. Ne2 g5 12. g3 0-0-0 13. d4 g4 14. Bg2 h5 15. c4 Rdg8 16. e4 Nxe4 17. Bxe4 dxe4 18. c5 Be7 19. Nc3 f5 20. b4 h4 21. d5 exd5 22. Nxd5 cxd5 23. Bxh8 Rxh8 24. Rc1 d4 25. Rc4 d3 26. Qd2 Qc6 27. Rb1 hxg3 28. b5 Bxc5+ 29. Kf1 Qd5 30. Rbc1 gxh2 0-1

[Event "EU-Cup 34th"]
[Site "Porto Carras"]
[Date "2018.10.12"]
[Round "1.5"]
[White "Willow, Jonah B"]
[Black "Burke, Kevin"]
[Result "1-0"]
[WhiteElo "2271"]
[BlackElo "1768"]
[PlyCount "75"]
[EventDate "2018.10.12"]
[EventType "team-swiss"]
[EventRounds "7"]
[EventCountry "GRE"]
[SourceTitle "CBM 187"]
[Source "ChessBase"]
[SourceDate "2018.12.11"]
[SourceVersion "1"]
[SourceVersionDate "2018.12.11"]
[SourceQuality "1"]
[WhiteTeam "Wood Green"]
[BlackTeam "St Benildus"]
[WhiteTeamCountry "ENG"]
[BlackTeamCountry "IRL"]

1. e4 e6 2. d3 d5 3. Nd2 c5 4. g3 Nc6 5. Bg2 Nf6 6. Ngf3 Be7 7. 0-0 0-0 8. e5 Nd7 9. Re1 b5 10. Nf1 a5 11. h4 Qc7 12. Bf4 c4 13. d4 b4 14. Ne3 a4 15. h5 h6 16. Ng4 Kh7 17. Qd2 Rh8 18. Nh4 Bf8 19. c3 Nb6 20. Bxh6 Kg8 21. Qg5 Rxh6 22. Nxh6+ Kh7 23. Ng6 Bb7 24. Nxf8+ Rxf8 25. Ng4 Qd8 26. Qf4 a3 27. bxa3 bxc3 28. h6 g6 29. Nf6+ Kh8 30. Rab1 Bc8 31. Rxb6 Qxb6 32. Nd7 Qd8 33. Nxf8 Qxf8 34. Bxd5 exd5 35. Qf6+ Kh7 36. Qxc6 Be6 37. Qa4 Qb8 38. Qb4 1-0

[Event "EU-Cup 33rd"]
[Site "Antalya"]
[Date "2017.10.14"]
[Round "7.6"]
[White "Visintin, Roberto"]
[Black "Burke, Kevin"]
[Result "1-0"]
[WhiteElo "2055"]
[BlackElo "1770"]
[PlyCount "51"]
[EventDate "2017.10.08"]
[EventType "team-swiss"]
[EventRounds "7"]
[EventCountry "TUR"]
[SourceTitle "CBM 181"]
[Source "ChessBase"]
[SourceDate "2017.11.10"]
[SourceVersion "1"]
[SourceVersionDate "2017.11.10"]
[SourceQuality "1"]
[WhiteTeam "Bonnevoie Gambit"]
[BlackTeam "Benildus"]
[WhiteTeamCountry "LUX"]
[BlackTeamCountry "IRL"]

1. e4 e6 2. d4 d5 3. Nc3 Bb4 4. exd5 exd5 5. Bd3 Ne7 6. Nge2 0-0 7. 0-0 c6 8. Ng3 Nd7 9. Nce2 Ng6 10. Nf5 Re8 11. Neg3 Ndf8 12. Qh5 Qc7 13. c3 Ba5 14. f4 Bd7 15. Nxg7 Kxg7 16. f5 Bxf5 17. Nxf5+ Kg8 18. Nh6+ Kg7 19. Rxf7+ Qxf7 20. Nxf7 Kxf7 21. Qf5+ Kg7 22. Bg5 Bd8 23. Rf1 Bxg5 24. Qxg5 Re6 25. h4 Kh8 26. h5 1-0

[Event "EU-Cup 33rd"]
[Site "Antalya"]
[Date "2017.10.11"]
[Round "4.6"]
[White "Egan, Colm"]
[Black "Burke, Kevin"]
[Result "1-0"]
[WhiteElo "1786"]
[BlackElo "1770"]
[PlyCount "31"]
[EventDate "2017.10.08"]
[EventType "team-swiss"]
[EventRounds "7"]
[EventCountry "TUR"]
[SourceTitle "CBM 181"]
[Source "ChessBase"]
[SourceDate "2017.11.10"]
[SourceVersion "1"]
[SourceVersionDate "2017.11.10"]
[SourceQuality "1"]
[WhiteTeam "Adare"]
[BlackTeam "Benildus"]
[WhiteTeamCountry "IRL"]
[BlackTeamCountry "IRL"]

1. d4 e6 2. Bf4 Be7 3. Nf3 f5 4. h3 Nf6 5. e3 b6 6. Nbd2 Bb7 7. Bd3 d6 8. c3 0-0 9. Qc2 Qc8 10. g4 g6 11. Bh6 Re8 12. gxf5 exf5 13. Rg1 Kh8 14. Ng5 Rf8 15. Bxf8 Bxf8 16. Nf7+ 1-0